000 00686nam a2200289Ia 4500
005 20260324140232.0
008 008 260324s9999 xx 000 0 eng d
020 _a9780203982587
037 _aEBOOK
040 _aCRL
040 _beng
040 _cCRL
041 _2eng
041 _aeng
084 _qCRL
100 _aNigel Wheale
_91203631
245 0 _aWriting and Society
245 0 _bLiteracy, Print and Politics in Britain 1590-1660
260 _bTaylor and Francis
260 _c1999
365 _a
365 _b230
856 _uhttp://www.taylorfrancis.com/books/9780203982587
942 _cEBOOK
999 _c1805503
_d1805503